De quel Groupe fait-il, faisait-il, fait-elle ou faisait-elle partie - Statistiques

Statistiques générales
  • Ce quiz a été pris 43 fois
  • Le résultat moyen est 25 sur 40
Statistiques - réponses
Hint Réponse % Correct
Michael Jackson The Jackson Five
92%
Kurt Cobain Nirvana
89%
George Michael Wham!
89%
Liam Gallagher Oasis
86%
Mick Jagger The Rolling Stones
86%
Jim Morrison The Doors
83%
Angus Young AC/DC
81%
Beyoncé Destiny's Child
81%
Chris Martin Coldplay
78%
Brian May Queen
78%
George Harrison The Beatles
78%
Boy George Culture Club
75%
Debbie Harry Blondie
72%
Annie Lennox Eurythmics
72%
Dolores O'Riordan The Cranberries
72%
Adam Levine Maroon 5
69%
Geri Halliwell Spice Girls
69%
Lou Reed The Velvet Undergound
69%
Gwen Stefani No Doubt
67%
David Gilmour Pink Floyd
67%
Guy-Manuel de Homem-Christo Daft Punk
64%
Slash Guns N' Roses
64%
Jimmy Page Led Zeppelin
64%
Maurice Gibb Bee Gees
61%
Beth Ditto Gossip
61%
Lauryn Hill Fugees
58%
Jimmy Somerville The Communards
58%
Steven Tyler Aerosmith
56%
Diana Ross The Supremes
56%
Damon Albarn Blur
53%
The Edge U2
50%
Dave Gahan Depeche Mode
44%
Jay Kay Jamiroquai
44%
Thom Yorke Radiohead
36%
Flea Red Hot Chili Peppers
36%
Amy Lee Evanescence
33%
Dan Reynolds Imagine Dragons
33%
Till Lindemann Rammstein
33%
Bobby Farrell Boney M.
28%
Lars Ulrich Metallica
28%
Aucun quiz correspondant
Distribution des résultats
% des personnes avec chaque résultat
Percentile par nombre de réponses
Votre historique - résultats
Vous n’avez pas pris ce quiz